000 00876nam a2200301Ia 4500
001 33324
003 IT-RoPAU
008 130308s9999 xx 000 0 und d
040 _aIT-RoPAU
040 _cIT-RoPAU
041 _aITALIANO
100 _aSambin Marco
100 _gCodice Aut. SPICS: 14678
245 _aApparire dell'apparire (L')-Zone di transizione nel reale
245 _bMetamorfosi-Dalla Verita' al Senso della Verita'
250 _a1a ed.
260 _aROMA/BARI
260 _bLaterza
260 _c1986 [1° Ed.:1986 - Ed.Ling.Originale:1985]
300 _a"20 p. (prefazione: no ; testo: 20 [pagine: 135-154])"
500 _aClassificazione del Reale Empirico Metaempirico Fenomenico Reale e Apparente
650 _aEPISTEMOLOGIA
650 _eCodice materia Spics: 3051
942 _cBK
957 _71
999 _c38655
_d38655
999 _bSI
999 _g1